1337 1355 1945 1160 1022 1142 1862 1155 1426 1243 1063 1076 1321 1929 1634 1430 1614 1741 1149 1483 1176 1838 1547 1681 1472 1972 1715 1705 1000 1243 1331 1605 1459 1504 1247 1780 1612 1462 1610 1133 1066 1617 1153 1818 1955 1788 1735 1231 1739 1802 1722 1409 1198 1493 1013 1889 1730 1862 1827 1036 1741 1068 1217 1670 1035 1942 1052 1090 1222 1057 1208 1316 1452 1822 1859 1061 1683 1075 1429 1856 1216 1221 1148 1519 1895 1607 1523 1041 1102 1255 1722 1561 1445 1304 1381 1339 1957 1866 1872 BCNSPRNW ULIB Ver.6.0+V

เปลี่ยนเป็นภาษาไทย

Change to English
 แสดงรายละเอียดบรรณานุกรม
  กลับหน้าหลัก

Brief Record : Get Marc (ISO 2709) : E-mail record : QR code < ปิดหน้าต่าง
LEADER : 00000nam 2200000uu 4500
001    13399109107
003     ULIB
008    110322s2552||||th 000 0 tha d
020    9789744140920
041 1  tha^heng
050  4 JK421^bก945ก 2552
100 1  โกลด์สมิธ, สตีเฟน
245 10 การบริหารงานภาครัฐแบบเครือข่าย : มิติใหม่ของภาครัฐ =^bGoverning by network /^cผู้เขียน Stephen Goldsmith & William D. Eggers ; แปลและเรียบเรียงโดย จักร ติงศภัทิย์, กฤษฎา ปราโมทย์ธนา
246 31 Governing by network
250    พิมพ์ครั้งที่ 2
260    กรุงเทพฯ :^bเอ็กซเปอร์เน็ท,^c2552
300    363 หน้า :^bภาพประกอบ ;^c21 ซม.
500    'แปลจาก Governing by network : the new shape of thepublic sector/ Stephen Goldsmith, William D. Eggers, c2004."
650  7 ความร่วมมือระหว่างภาครัฐบาลและเอกชน^zสหรัฐอเมริกา
650  7 การบริหารรัฐกิจ^zสหรัฐอเมริกา
650  7 การว่าจ้างให้ผู้อื่นทำงานแทน^zสหรัฐอเมริกา
700 1  เอกเกอร์ส, วิลเลียม ดี.
700 0  จักร ติงศภัทิย์,^eผู้แปล
700 0  กฤษฎา ปราโมทย์ธนา,^eผู้แปล
700 12 Goldsmith, Stephen.^tGoverning by network :^bthe new shapeof the public sector
945    ^p295^l0^i029896
945    ^p295^l0^i029895
995    ทศพร
999 ^a ใช้งานได้ทุกระบบ
รายการนี้ยังไม่มีแท็ก
คุณยังไม่ได้ล็อกอิน คุณสามารถมีกิจกรรมร่วมกับเว็บไซต์ได้ แต่ต้องล็อกอินก่อน ::
  ล็อกอิน

รายการสื่อสารสนเทศ

ลำดับที่ ประเภท เลขเรียก/บาร์โค้ด สถานที่ สถานะ
- ไม่พบข้อมูล -

รายการใกล้เคียง
    ผู้แต่ง [โกลด์สมิธ, สตีเฟน]

BibComment


ยังไม่เคยถูกคอมเมนท์

คอมเมนท์ทรัพยากรรายการนี้
  คอมเมนท์: การบริหารงานภาครั..


 Copyright 2026. Bcnsprnw @Library